| 000 | 01298nam a2200325 i 4500 | ||
|---|---|---|---|
| 003 | EG-ScBUE | ||
| 005 | 20231214113657.0 | ||
| 008 | 180227s2003 ua f b f000 0 ara d | ||
| 017 | _a2003 / 9231 | ||
| 040 |
_aEG-ScBUE _bara _erda _cEG-ScBUE _dEG-ScBUE |
||
| 043 | _aa-iq--- | ||
| 082 | 0 | 4 |
_a956.7 _bأ و ر _222 |
| 245 | 0 | 0 |
_aأوراق بغداد / _cاختيار وتحرير أ. د. عبد الحكيم راضي، د. محمود فؤاد، أ. جمال العسكري. |
| 264 | 1 |
_aالقاهرة : _bالهيئة العامة لقصور الثقافة، _c2003. |
|
| 300 |
_a462 صفحة ؛ _c24 سم. |
||
| 336 |
_2rdacontent _aنص _btxt |
||
| 337 |
_aبدون وسيط _2rdamedia _bn |
||
| 338 |
_aمجلد _bnc _2rdacarrier |
||
| 490 | 0 | _aالذخائر | |
| 500 | _a"هذا الكتاب ضمن كتب سلسلة الذخائر وهو عدد خاص بدولة العراق". | ||
| 504 | _aيشتمل على إرجاعات ببليوجرافية. | ||
| 650 | _2BUEsh | ||
| 651 | 7 |
_aبغداد (العراق) _xتاريخ. _2BUEsh |
|
| 653 |
_bBUSBOL _cFebruary2018 |
||
| 655 | _vReading book | ||
| 700 | 1 |
_aراضي، عبد الحكيم، _eمحرر، _eمقدم. |
|
| 700 | 1 |
_aفؤاد، محمود، _eمحرر. |
|
| 700 | 1 |
_aعسكري، جمال، _eمحرر. |
|
| 942 | _2ddc | ||
| 999 |
_c26179 _d26151 |
||